[Event "1st CRO junior liga"]
[Site "Sveti Filip i Jakov"]
[Date "2018.04.07"]
[Round "9.23"]
[White "Cvitan, Ena"]
[Black "Jurotic, Nino"]
[Result "1-0"]
[WhiteElo "2159"]
[BlackElo "1617"]
[PlyCount "27"]
[EventDate "2018.??.??"]
[WhiteClock "1:26:00"]
[BlackClock "1:30:00"]

1. d4 d5 2. c4 dxc4 3. e3 g6 4. Bxc4 Bg7 5. Nf3 Nf6 6. O-O O-O 7. Nc3 b6 8. e4
Bb7 9. Re1 Nbd7 10. e5 Ne8 11. e6 fxe6 12. Ng5 Rf6 13. Rxe6 Rxe6 14. Bxe6+ 1-0

[Event "1st CRO junior liga"]
[Site "Sveti Filip i Jakov"]
[Date "2018.04.07"]
[Round "9.24"]
[White "Vujic, Agata"]
[Black "Duda, Daniel"]
[Result "0-1"]
[WhiteElo "1586"]
[BlackElo "1972"]
[PlyCount "38"]
[EventDate "2018.??.??"]
[WhiteClock "1:12:00"]
[BlackClock "1:30:00"]

1. e4 c5 2. Nf3 g6 3. d4 cxd4 4. Nxd4 Nc6 5. Be3 Bg7 6. Nc3 d6 7. Be2 Nf6 8.
O-O O-O 9. Kh1 Bd7 10. Nb3 Qc8 11. f4 Bg4 12. Bxg4 Qxg4 13. Qd2 Rfc8 14. h3 Qe6
15. f5 Qc4 16. Rf4 g5 17. Rff1 h6 18. h4 Nxe4 19. hxg5 Nxd2 0-1

[Event "1st CRO junior liga"]
[Site "Sveti Filip i Jakov"]
[Date "2018.04.07"]
[Round "10.1"]
[White "Zadravec, Matija"]
[Black "Dasic, Jelena"]
[Result "1-0"]
[WhiteElo "2206"]
[BlackElo "1823"]
[PlyCount "77"]
[EventDate "2018.??.??"]
[WhiteClock "1:30:00"]
[BlackClock "1:30:00"]

1. e4 c5 2. Nf3 e6 3. c3 d5 4. exd5 exd5 5. Bb5+ Bd7 6. Bxd7+ Nxd7 7. d4 Ngf6
8. O-O Be7 9. dxc5 Nxc5 10. Nbd2 O-O 11. Nb3 Re8 12. Be3 b6 13. h3 Qc7 14. Nbd4
Nce4 15. Qc2 Rab8 16. Nb5 Qd7 17. a4 a6 18. Nbd4 Bd6 19. Qe2 b5 20. a5 Bc7 21.
Rfd1 Nd6 22. Nd2 Nc4 23. Nxc4 bxc4 24. Ra2 Ne4 25. Qf3 Nc5 26. Nf5 Re5 27. Nxg7
Nd3 28. Nh5 Qf5 29. Qg3+ Qg6 30. Nf6+ Kh8 31. Qxg6 hxg6 32. Bd4 Rb5 33. Ng4 Kg8
34. Nxe5 Bxe5 35. Rxd3 cxd3 36. Bxe5 d2 37. Ra1 Rxb2 38. Rd1 Rc2 39. Kf1 1-0

[Event "1st CRO junior liga"]
[Site "Sveti Filip i Jakov"]
[Date "2018.04.07"]
[Round "10.2"]
[White "Petrovic, David"]
[Black "Dabic, Stjepan"]
[Result "0-1"]
[WhiteElo "1651"]
[BlackElo "2012"]
[PlyCount "116"]
[EventDate "2018.??.??"]
[WhiteClock "1:30:00"]
[BlackClock "1:30:00"]

1. e4 c5 2. c3 Nf6 3. e5 Nd5 4. Bc4 Nb6 5. Bb3 e6 6. d4 cxd4 7. cxd4 d6 8. f4
dxe5 9. dxe5 Qxd1+ 10. Bxd1 Bd7 11. Bf3 Bc6 12. Nc3 Bb4 13. Bd2 Bxc3 14. Bxc3
Nd5 15. Bxd5 Bxd5 16. Ne2 Nc6 17. Kf2 O-O-O 18. Rhc1 Kb8 19. g3 Bc4 20. Rd1
Bxe2 21. Kxe2 Kc7 22. Rd6 Rhg8 23. Rad1 Rxd6 24. Rxd6 Rd8 25. a3 g6 26. Rxd8
Kxd8 27. b4 Ne7 28. g4 Nd5 29. Bd2 Ke7 30. Kd3 Kd7 31. Kd4 Kc6 32. a4 a6 33. h3
Nb6 34. a5 Nd5 35. Kc4 Nc7 36. Be1 Ne8 37. Bh4 h6 38. Bd8 h5 39. Bb6 hxg4 40.
hxg4 f6 41. Bd4 f5 42. g5 Ng7 43. Be3 Nh5 44. Bd2 b6 45. axb6 Kxb6 46. Be3+ Kc6
47. Bc1 Ng7 48. Be3 Ne8 49. Bd2 Nc7 50. Be3 Nd5 51. Bd2 Nb6+ 52. Kc3 Kd5 53.
Kd3 Na8 54. b5 axb5 55. Ba5 Kc5 56. Kc3 Nb6 57. Bb4+ Kd5 58. Bd6 Ke4 0-1

[Event "1st CRO junior liga"]
[Site "Sveti Filip i Jakov"]
[Date "2018.04.07"]
[Round "10.3"]
[White "Lesar, David"]
[Black "Jurotic, Nino"]
[Result "1-0"]
[WhiteElo "1905"]
[BlackElo "1617"]
[PlyCount "87"]
[EventDate "2018.??.??"]
[WhiteClock "1:30:00"]
[BlackClock "1:30:00"]

1. e4 c5 2. Nf3 Nc6 3. d4 cxd4 4. Nxd4 e5 5. Nb5 a6 6. Nd6+ Bxd6 7. Qxd6 Qe7 8.
Qd1 Qb4+ 9. Nc3 Nf6 10. a3 Qd4 11. Bd3 Qb6 12. O-O O-O 13. Rb1 Re8 14. Bg5 Nd4
15. Bxf6 Qxf6 16. Nd5 Qc6 17. c3 Ne6 18. Qg4 Nc7 19. Qh4 h6 20. Ne7+ Rxe7 21.
Qxe7 d6 22. Qd8+ Kh7 23. Qh4 g5 24. Qh5 Be6 25. Rfd1 Ne8 26. Qe2 Ng7 27. Rd2
Bb3 28. Bc2 Bxc2 29. Rxc2 f5 30. f3 f4 31. Rd1 Rg8 32. Rcd2 Ne8 33. c4 h5 34.
h3 a5 35. b4 axb4 36. axb4 Qb6+ 37. Kh1 Rg7 38. Rd5 g4 39. c5 gxf3 40. Qxf3 Qd8
41. Qxh5+ Kg8 42. Qxe5 f3 43. Qe6+ Kh8 44. Rh5+ 1-0

[Event "1st CRO junior liga"]
[Site "Sveti Filip i Jakov"]
[Date "2018.04.07"]
[Round "10.4"]
[White "Vujic, Agata"]
[Black "Colev, Ivor"]
[Result "1/2-1/2"]
[WhiteElo "1586"]
[BlackElo "1618"]
[PlyCount "44"]
[EventDate "2018.??.??"]
[WhiteClock "1:30:00"]
[BlackClock "1:30:00"]

1. e4 c5 2. Nf3 d6 3. d4 cxd4 4. Nxd4 Nf6 5. f3 e6 6. c4 Nc6 7. Nc2 Be7 8. Be3
O-O 9. Be2 d5 10. exd5 exd5 11. Nc3 dxc4 12. Bxc4 Ne5 13. Qe2 Nxc4 14. Qxc4 Be6
15. Qe2 Qc7 16. Qf2 Nd5 17. Nxd5 Bxd5 18. O-O b6 19. Nd4 Rad8 20. a3 Bf6 21.
Rac1 Qb7 22. b4 Rfe8 1/2-1/2

[Event "1st CRO junior liga"]
[Site "Sveti Filip i Jakov"]
[Date "2018.04.07"]
[Round "10.5"]
[White "Tomulic, Teo"]
[Black "Plenca, Jadranko"]
[Result "1/2-1/2"]
[WhiteElo "2298"]
[BlackElo "2497"]
[PlyCount "22"]
[EventDate "2018.??.??"]
[WhiteClock "1:30:00"]
[BlackClock "1:30:00"]

1. d4 Nf6 2. c4 e6 3. g3 d5 4. Bg2 Be7 5. Nf3 O-O 6. O-O dxc4 7. Ne5 Nc6 8.
Bxc6 bxc6 9. Nxc6 Qe8 10. Nxe7+ Qxe7 11. Qc2 c5 1/2-1/2

[Event "1st CRO junior liga"]
[Site "Sveti Filip i Jakov"]
[Date "2018.04.07"]
[Round "10.6"]
[White "Muha, Miljenko"]
[Black "Safar, Sandro"]
[Result "0-1"]
[WhiteElo "2395"]
[BlackElo "2224"]
[PlyCount "60"]
[EventDate "2018.??.??"]
[WhiteClock "1:30:00"]
[BlackClock "1:30:00"]

1. d4 d5 2. Bf4 Nf6 3. e3 e6 4. Nf3 c5 5. c3 Nc6 6. Nbd2 Bd6 7. Bg3 O-O 8. Bd3
Qe7 9. Ne5 Nd7 10. Nxd7 Qxd7 11. Qh5 g6 12. Qh6 cxd4 13. Bxd6 Qxd6 14. Nf3 Qe7
15. exd4 e5 16. dxe5 Nxe5 17. Nxe5 Qxe5+ 18. Qe3 Qxe3+ 19. fxe3 Re8 20. Kf2 Re5
21. Rhd1 Bf5 22. Bb5 d4 23. Bd3 dxe3+ 24. Kf3 Rae8 25. g4 e2 26. Bxe2 Re3+ 27.
Kf4 R8e4+ 28. Kg5 Kg7 29. Rd2 h6+ 30. Kh4 g5+ 0-1

[Event "1st CRO junior liga"]
[Site "Sveti Filip i Jakov"]
[Date "2018.04.07"]
[Round "10.7"]
[White "Troselj, Ivan"]
[Black "Cvitan, Ena"]
[Result "1-0"]
[WhiteElo "1722"]
[BlackElo "2159"]
[PlyCount "123"]
[EventDate "2018.??.??"]
[WhiteClock "1:30:00"]
[BlackClock "1:30:00"]

1. e4 c6 2. Nc3 d5 3. Nf3 dxe4 4. Nxe4 Nf6 5. Nxf6+ exf6 6. d4 Bd6 7. Be3 O-O
8. Be2 Bg4 9. h3 Bh5 10. O-O Re8 11. Re1 Nd7 12. c4 Nf8 13. Qb3 Qc7 14. c5 Be7
15. d5 cxd5 16. Qxd5 Bg6 17. Nh4 Ne6 18. Nxg6 hxg6 19. b4 Rad8 20. Qf3 f5 21.
Bb5 Rf8 22. Rad1 Bf6 23. c6 a6 24. Ba4 b5 25. Bb3 f4 26. Bxe6 fxe3 27. Bd7
exf2+ 28. Kxf2 a5 29. Qg3 Qa7+ 30. Kf1 axb4 31. c7 Ra8 32. c8=Q Raxc8 33. Bxc8
Rxc8 34. Qf2 Qa4 35. Rc1 Rd8 36. Qc2 Qa7 37. Rcd1 Ra8 38. Re2 Qb6 39. Rde1 Bc3
40. Re8+ Rxe8 41. Rxe8+ Kh7 42. Qf2 Qf6 43. Qxf6 gxf6 44. Ke2 f5 45. Kf3 Kg7
46. Rb8 Kf6 47. Rxb5 Ke6 48. Ke3 g5 49. Kd3 Be1 50. Ke2 Bc3 51. Kd3 Be1 52. Rb8
Kf6 53. Re8 Bg3 54. Kc4 Bd6 55. Kd5 Bg3 56. Rc8 Bf4 57. Rc4 Bd2 58. Rc6+ Ke7
59. Ke5 f4 60. Rc7+ Ke8 61. Kf6 Be3 62. Re7+ 1-0

[Event "1st CRO junior liga"]
[Site "Sveti Filip i Jakov"]
[Date "2018.04.07"]
[Round "10.8"]
[White "Duda, Daniel"]
[Black "Zekic, Patrik"]
[Result "1-0"]
[WhiteElo "1972"]
[BlackElo "1508"]
[PlyCount "59"]
[EventDate "2018.??.??"]
[WhiteClock "1:30:00"]
[BlackClock "1:30:00"]

1. d4 d5 2. c4 e6 3. Nc3 Nf6 4. Bg5 Nbd7 5. Nf3 Be7 6. e3 c6 7. Rc1 O-O 8. Qc2
b6 9. cxd5 exd5 10. Bd3 h6 11. Bh4 Bb7 12. O-O Re8 13. Bg3 Rc8 14. Bf5 Ra8 15.
Ne5 Nf8 16. Na4 Ne6 17. Nxc6 Bxc6 18. Qxc6 Rc8 19. Qxc8 Qxc8 20. Rxc8 Rxc8 21.
Nc3 g6 22. Bd3 Rd8 23. Rc1 Ne8 24. Rc2 h5 25. h3 Kf8 26. Nb5 a6 27. Nc7 Nf6 28.
Nxa6 Ke8 29. Nc7+ Kd7 30. Bb5+ 1-0

[Event "1st CRO junior liga"]
[Site "Sveti Filip i Jakov"]
[Date "2018.04.07"]
[Round "10.11"]
[White "Baric, Marko"]
[Black "Rickovic, Tomislav"]
[Result "1/2-1/2"]
[WhiteElo "1638"]
[BlackElo "1622"]
[PlyCount "20"]
[EventDate "2018.??.??"]
[WhiteClock "1:27:00"]
[BlackClock "1:30:00"]

1. d4 d5 2. c4 e6 3. Nf3 Nf6 4. Nc3 Bb4 5. Bg5 h6 6. Bh4 Bd7 7. e3 O-O 8. Bd3
dxc4 9. Bxc4 Nc6 10. O-O a6 1/2-1/2

[Event "1st CRO junior liga"]
[Site "Sveti Filip i Jakov"]
[Date "2018.04.07"]
[Round "10.12"]
[White "Mesar, Vedran"]
[Black "Cecic-Sule, Dino"]
[Result "1/2-1/2"]
[WhiteElo "1638"]
[BlackElo "1390"]
[PlyCount "21"]
[EventDate "2018.??.??"]
[WhiteClock "1:29:00"]
[BlackClock "1:30:00"]

1. e4 e5 2. Nf3 Nc6 3. Bc4 Bc5 4. O-O Nf6 5. d3 O-O 6. c3 d6 7. Nbd2 Be6 8. Bb5
Ne7 9. Qe2 c6 10. Ba4 b5 11. Bc2 1/2-1/2

[Event "1st CRO junior liga"]
[Site "Sveti Filip i Jakov"]
[Date "2018.04.07"]
[Round "10.16"]
[White "Cavlovic, Viktor"]
[Black "Hajpek, Egon"]
[Result "1/2-1/2"]
[WhiteElo "1742"]
[BlackElo "1538"]
[PlyCount "20"]
[EventDate "2018.??.??"]
[WhiteClock "1:29:00"]
[BlackClock "1:30:00"]

1. e4 e5 2. Nf3 Nc6 3. Bc4 Bc5 4. c3 Nf6 5. d3 d6 6. Bb3 a6 7. h3 h6 8. O-O Ba7
9. Nbd2 Ne7 10. Re1 Ng6 1/2-1/2

[Event "1st CRO junior liga"]
[Site "Sveti Filip i Jakov"]
[Date "2018.04.07"]
[Round "10.17"]
[White "Blazeka, Mihaela"]
[Black "Ghersinich, Enrico"]
[Result "1/2-1/2"]
[WhiteElo "2094"]
[BlackElo "2216"]
[PlyCount "123"]
[EventDate "2018.??.??"]
[WhiteClock "1:29:00"]
[BlackClock "1:30:00"]

1. e4 d5 2. exd5 Nf6 3. d4 Bg4 4. Nf3 Nxd5 5. Be2 e6 6. O-O c6 7. c4 Nb6 8. b3
Be7 9. Bb2 Bxf3 10. Bxf3 Bf6 11. Qd2 O-O 12. Rd1 a5 13. Nc3 a4 14. c5 a3 15.
Bc1 Nd5 16. Bxd5 cxd5 17. f4 Nc6 18. Qe3 b6 19. Na4 bxc5 20. Nxc5 Qe7 21. Qc3
Rfc8 22. b4 Qa7 23. Rb1 Rab8 24. Rb3 Qb6 25. Bxa3 Ra8 26. Kh1 Ra7 27. Rd2 Rca8
28. Bb2 Rxa2 29. Nd7 Bxd4 30. Nxb6 Bxc3 31. Rxc3 Rxb2 32. Rd1 Rb8 33. Rxc6 Rxb4
34. Nd7 Rd8 35. Rdc1 Rxf4 36. g3 Ra4 37. Nb6 Ra7 38. Rc8 Rf8 39. R8c7 Rxc7 40.
Rxc7 Rd8 41. Kg2 h5 42. Rc8 Rxc8 43. Nxc8 f6 44. Kf3 Kf7 45. Nd6+ Ke7 46. Nb5
e5 47. Nc7 d4 48. Ke4 g6 49. h4 Kd6 50. Ne8+ Ke6 51. Nc7+ Kf7 52. Kd5 d3 53.
Nb5 d2 54. Nc3 Ke7 55. Ke4 Ke6 56. Nd1 g5 57. hxg5 fxg5 58. Kd3 Kf6 59. Nf2 Kf5
60. Kxd2 h4 61. gxh4 gxh4 62. Ke3 1/2-1/2

[Event "1st CRO junior liga"]
[Site "Sveti Filip i Jakov"]
[Date "2018.04.07"]
[Round "10.18"]
[White "Mainenti, Kevin"]
[Black "Smetisko, Josip"]
[Result "1/2-1/2"]
[WhiteElo "1888"]
[BlackElo "1880"]
[PlyCount "68"]
[EventDate "2018.??.??"]
[WhiteClock "1:30:00"]
[BlackClock "1:30:00"]

1. e4 d6 2. d4 Nf6 3. Nc3 Nbd7 4. Nf3 e5 5. dxe5 dxe5 6. a3 c6 7. Bc4 Be7 8.
O-O O-O 9. Qe2 b5 10. Ba2 a5 11. Rd1 Qc7 12. Bg5 Ba6 13. Qe1 Bc5 14. Rd2 b4 15.
Na4 Be7 16. Rad1 Rfe8 17. Qe3 c5 18. Bd5 Rab8 19. axb4 axb4 20. b3 Bb5 21. Nb2
Nxd5 22. Rxd5 f6 23. Bh4 Nb6 24. R5d2 Kf8 25. c4 bxc3 26. Qxc3 Qc6 27. Re1 Qe6
28. Bg3 c4 29. Nxc4 Nxc4 30. bxc4 Bxc4 31. Rb2 Rxb2 32. Qxb2 Qa6 33. Ra1 Qb5
34. Qxb5 Bxb5 1/2-1/2

[Event "1st CRO junior liga"]
[Site "Sveti Filip i Jakov"]
[Date "2018.04.07"]
[Round "10.19"]
[White "Djukin, Marko"]
[Black "Purini, Bruno"]
[Result "0-1"]
[WhiteElo "1896"]
[BlackElo "1409"]
[PlyCount "108"]
[EventDate "2018.??.??"]
[WhiteClock "1:30:00"]
[BlackClock "1:30:00"]

1. e4 e5 2. Nf3 Nc6 3. Bb5 a6 4. Ba4 Bc5 5. O-O Nf6 6. c3 b5 7. Bb3 d6 8. d4
exd4 9. cxd4 Bb6 10. h3 h6 11. Nc3 O-O 12. Bf4 Ne7 13. Qc2 Kh8 14. e5 Bf5 15.
Qc1 dxe5 16. dxe5 Nh7 17. Rd1 Qc8 18. Nd5 Nxd5 19. Bxd5 Rb8 20. Bc6 Rd8 21. Qc3
Nf8 22. Bxh6 b4 23. Qc4 gxh6 24. Rxd8 Qxd8 25. Qxf7 Bg6 26. Qf4 Kh7 27. Nh4 Qe7
28. Rd1 Rd8 29. Rxd8 Qxd8 30. Nxg6 Kxg6 31. Qxb4 Kg7 32. e6 Ng6 33. Be4 Qd1+
34. Kh2 Qd6+ 35. Qxd6 cxd6 36. Kg3 Kf6 37. f4 Bc7 38. Kg4 Nxf4 39. Bb7 Nxe6 40.
Bxa6 d5 41. Bc8 d4 42. Kf3 Ng5+ 43. Ke2 Ke5 44. Bb7 Ne6 45. Bf3 Nf4+ 46. Kd2
Ba5+ 47. Kd1 d3 48. a3 Kd4 49. b4 Bc7 50. Kd2 Ne6 51. Bg4 Bf4+ 52. Kd1 Nc7 53.
Bf5 Nd5 54. Bh7 Nc3+ 0-1

[Event "1st CRO junior liga"]
[Site "Sveti Filip i Jakov"]
[Date "2018.04.07"]
[Round "10.20"]
[White "Ghersinich, Carlo"]
[Black "Svabenic, Stjepan"]
[Result "1-0"]
[WhiteElo "1143"]
[BlackElo "1225"]
[PlyCount "85"]
[EventDate "2018.??.??"]
[WhiteClock "1:30:00"]
[BlackClock "1:30:00"]

1. d4 Nf6 2. Nf3 c5 3. dxc5 e6 4. Be3 Qa5+ 5. Nc3 Bxc5 6. Bxc5 Qxc5 7. e3 Nc6
8. Nb5 O-O 9. Bd3 a6 10. Nc3 Qb4 11. O-O Qxb2 12. Ne2 Re8 13. h3 e5 14. e4 d5
15. Ng5 h6 16. exd5 Nxd5 17. Bc4 hxg5 18. Bxd5 Nb4 19. Bc4 Qxc2 20. Qxc2 Nxc2
21. Rac1 Na3 22. Bb3 Re7 23. Rc3 Nb5 24. Rc5 Bf5 25. Ng3 Bh7 26. Rfc1 Bg6 27.
a4 Nd4 28. Bd5 Rae8 29. Rc7 Rxc7 30. Rxc7 b5 31. axb5 axb5 32. Rb7 Ra8 33. Re7
b4 34. Bxa8 b3 35. Rb7 f5 36. Rb8+ Kh7 37. Nf1 Bf7 38. g4 Nf3+ 39. Bxf3 f4 40.
Bd1 b2 41. Rxb2 g6 42. Rb7 Kg7 43. Bb3 1-0

[Event "1st CRO junior liga"]
[Site "Sveti Filip i Jakov"]
[Date "2018.04.07"]
[Round "10.21"]
[White "Tica, Sven"]
[Black "Levacic, Matej"]
[Result "1-0"]
[WhiteElo "2442"]
[BlackElo "1893"]
[PlyCount "39"]
[EventDate "2018.??.??"]
[WhiteClock "1:30:00"]
[BlackClock "1:30:00"]

1. d4 Nf6 2. c4 Nc6 3. Nf3 e6 4. a3 d5 5. Nc3 Be7 6. e3 O-O 7. Qc2 a6 8. b4 Re8
9. Bb2 h6 10. Bd3 Bf8 11. O-O dxc4 12. Bxc4 e5 13. dxe5 Nxe5 14. Nxe5 Rxe5 15.
Rad1 Bd6 16. Nd5 Bf5 17. Qe2 Re8 18. Nxf6+ gxf6 19. Qh5 Bg6 20. Qxg6+ 1-0

[Event "1st CRO junior liga"]
[Site "Sveti Filip i Jakov"]
[Date "2018.04.07"]
[Round "10.22"]
[White "Jankovic, Antonio"]
[Black "Makovec, Bruno"]
[Result "0-1"]
[WhiteElo "1792"]
[BlackElo "2313"]
[PlyCount "95"]
[EventDate "2018.??.??"]
[WhiteClock "1:30:00"]
[BlackClock "1:30:00"]

1. d4 c5 2. Nf3 cxd4 3. Nxd4 d5 4. Nc3 Nc6 5. g3 e5 6. Nxc6 bxc6 7. Bg2 Nf6 8.
Bg5 Be7 9. O-O O-O 10. e3 Be6 11. Ne2 Qb6 12. Rb1 Rad8 13. Qc1 Rfe8 14. Rd1 c5
15. b3 d4 16. c4 Bf5 17. Bxf6 Qxf6 18. e4 Bg4 19. Rd2 Qh6 20. Qe1 Bg5 21. Rd3
f5 22. h4 Be7 23. Nc1 f4 24. Bf3 Bc8 25. Qe2 Qg6 26. Bh5 Qh6 27. Bxe8 Rxe8 28.
h5 Qg5 29. f3 fxg3 30. Qg2 g6 31. hxg6 h5 32. Ne2 h4 33. Kf1 Rf8 34. Ng1 Qxg6
35. Ke2 Qe6 36. Rf1 Rf7 37. Kd2 Rg7 38. Ne2 Bg5+ 39. f4 exf4 40. Nxf4 Qe5 41.
Rdf3 Rf7 42. Kd3 Bxf4 43. a3 h3 44. Qb2 g2 45. Rg1 Qg5 46. Qf2 Be6 47. Re1 Be3
48. Rg3 0-1

[Event "1st CRO junior liga"]
[Site "Sveti Filip i Jakov"]
[Date "2018.04.07"]
[Round "10.23"]
[White "Starcevic, Ante Leon"]
[Black "Birkic, Josip"]
[Result "1-0"]
[WhiteElo "2148"]
[BlackElo "1781"]
[PlyCount "40"]
[EventDate "2018.??.??"]
[WhiteClock "1:23:00"]
[BlackClock "1:30:00"]

1. e4 c6 2. c4 d5 3. exd5 cxd5 4. cxd5 Qxd5 5. Nc3 Qa5 6. Nf3 Nf6 7. d4 e6 8.
Bd3 Bd6 9. O-O Nc6 10. Re1 O-O 11. Bg5 Nd5 12. Qd2 Nde7 13. a3 a6 14. b4 Qc7
15. Rac1 b5 16. Be4 Qb6 17. Bxe7 Bxe7 18. d5 Rd8 19. Qc2 Na7 20. d6 Qxd6 1-0

[Event "1st CRO junior liga"]
[Site "Sveti Filip i Jakov"]
[Date "2018.04.07"]
[Round "10.24"]
[White "Ljubicic, Mario"]
[Black "Toplak, Juraj"]
[Result "0-1"]
[WhiteElo "1738"]
[BlackElo "2029"]
[PlyCount "108"]
[EventDate "2018.??.??"]
[WhiteClock "1:30:00"]
[BlackClock "1:30:00"]

1. e4 Nf6 2. Nc3 d5 3. exd5 Nxd5 4. Nxd5 Qxd5 5. Nf3 Bg4 6. Be2 c5 7. O-O Nc6
8. b3 O-O-O 9. d3 f6 10. a4 e5 11. a5 g5 12. a6 b6 13. Ra4 h5 14. h3 Be6 15.
Nh2 Bf7 16. Bf3 Qd7 17. Be4 Be7 18. Bb2 Rdg8 19. Qf3 Kc7 20. Bxc6 Qxc6 21.
Bxe5+ Kd7 22. Qxc6+ Kxc6 23. Bc3 Bd5 24. Re1 Rh7 25. Bd2 Kd7 26. Re2 Bd6 27. g3
f5 28. Ra1 h4 29. g4 Rf7 30. gxf5 g4 31. hxg4 Bxh2+ 32. Kxh2 Rxg4 33. f4 Rxf5
34. Kh3 Rg6 35. Rae1 Rg7 36. Rc1 Rh5 37. Kh2 Be6 38. Re3 Rg4 39. Re2 Rg3 40.
Re3 Rg4 41. Rf3 Bd5 42. Rf2 h3 43. Rg1 Rg2+ 44. Rfxg2 hxg2+ 45. Kg3 Rh1 46. Be3
Ke6 47. Kg4 Rh7 48. c4 Bc6 49. d4 Rg7+ 50. Kh4 cxd4 51. Bxd4 Rd7 52. Re1+ Kf5
53. Be5 Rh7+ 54. Kg3 Rh1 0-1

[Event "1st CRO junior liga"]
[Site "Sveti Filip i Jakov"]
[Date "2018.04.08"]
[Round "11.1"]
[White "Levacic, Matej"]
[Black "Zadravec, Matija"]
[Result "1-0"]
[WhiteElo "1893"]
[BlackElo "2206"]
[PlyCount "62"]
[EventDate "2018.??.??"]
[WhiteClock "1:30:00"]
[BlackClock "1:30:00"]

1. d4 Nf6 2. Nf3 e6 3. Bf4 b6 4. e3 Bb7 5. Bd3 Be7 6. Nbd2 d5 7. c3 O-O 8. Ne5
Nbd7 9. Qf3 c5 10. Qh3 g6 11. Ndf3 Nxe5 12. Nxe5 a6 13. O-O Rc8 14. Bg5 Nd7 15.
Bxe7 Qxe7 16. f4 b5 17. Qh6 b4 18. Rf3 f5 19. Nxg6 Qg7 20. Qxg7+ Kxg7 21. Nxf8
Nxf8 22. cxb4 cxb4 23. Rff1 Kf7 24. Rac1 Ke7 25. Rxc8 Bxc8 26. Rc1 Kd7 27. Kf2
Ng6 28. h3 Ne7 29. g4 h6 30. Kg3 Bb7 31. h4 Bc8 1-0

[Event "1st CRO junior liga"]
[Site "Sveti Filip i Jakov"]
[Date "2018.04.08"]
[Round "11.2"]
[White "Dabic, Stjepan"]
[Black "Jankovic, Antonio"]
[Result "1-0"]
[WhiteElo "2012"]
[BlackElo "1792"]
[PlyCount "107"]
[EventDate "2018.??.??"]
[WhiteClock "1:30:00"]
[BlackClock "1:30:00"]

1. d4 d5 2. c4 e6 3. Nc3 Nf6 4. cxd5 exd5 5. Bg5 Be7 6. e3 Nbd7 7. Bd3 O-O 8.
Nge2 Re8 9. O-O Nf8 10. Qc2 g6 11. Rad1 Ne6 12. Bh4 Ng7 13. Bg3 c6 14. Rfe1 Bf5
15. f3 Bxd3 16. Qxd3 Nf5 17. Bf2 Qa5 18. e4 Ng7 19. h3 Rad8 20. Qc2 Ngh5 21. e5
Nd7 22. g4 Ng7 23. f4 f6 24. Nc1 fxe5 25. fxe5 Ne6 26. Be3 Bf8 27. Nb3 Qc7 28.
Rc1 Rc8 29. Qf2 Qd8 30. Rf1 Qe7 31. Ne2 Bg7 32. Qg2 Rf8 33. Nc3 Nb6 34. Nd2 c5
35. Nxd5 Nxd5 36. Qxd5 cxd4 37. Bg5 Qxg5 38. Qxe6+ Kh8 39. Rxc8 Qe3+ 40. Kg2
Qxd2+ 41. Kh1 Qh6 42. Rfxf8+ Bxf8 43. Qf6+ Kg8 44. Qf3 Qg7 45. Qd5+ Qf7 46. Rd8
Qxd5+ 47. Rxd5 Bg7 48. Rxd4 Bxe5 49. Rd8+ Kg7 50. Rd7+ Kh6 51. Rxb7 Bd4 52. b4
g5 53. b5 Kg6 54. a4 1-0

[Event "1st CRO junior liga"]
[Site "Sveti Filip i Jakov"]
[Date "2018.04.08"]
[Round "11.3"]
[White "Ljubicic, Mario"]
[Black "Kanizaj, Benjamin"]
[Result "1/2-1/2"]
[WhiteElo "1738"]
[BlackElo "1940"]
[PlyCount "126"]
[EventDate "2018.??.??"]
[WhiteClock "1:30:00"]
[BlackClock "1:30:00"]

1. e4 c5 2. Nf3 d6 3. d4 cxd4 4. Nxd4 Nf6 5. Nc3 e6 6. Bc4 Nc6 7. O-O Be7 8.
Be3 O-O 9. h3 a6 10. a3 Qc7 11. Qe2 b5 12. Nxc6 Qxc6 13. Bd3 Bb7 14. f3 Rfd8
15. Qf2 Rac8 16. Rfe1 Nd7 17. Rac1 Ne5 18. Kh1 Nc4 19. Bxc4 Qxc4 20. Rcd1 Bf6
21. Bd4 Bxd4 22. Rxd4 Qc5 23. Red1 d5 24. exd5 Bxd5 25. Nxd5 Rxd5 26. Rxd5 exd5
27. Qxc5 Rxc5 28. c3 f6 29. Kg1 Kf7 30. Kf2 Ke6 31. Ke3 Ke5 32. Rd2 Rc8 33. Kd3
Kd6 34. Re2 f5 35. Kd4 f4 36. b3 g6 37. Re1 a5 38. Re5 Rxc3 39. Rxd5+ Kc6 40.
Rxb5 Rc2 41. Rxa5 Rxg2 42. Ke4 Rg3 43. Kxf4 Rxh3 44. Ra7 Rh5 45. b4 Rf5+ 46.
Kg4 h5+ 47. Kg3 g5 48. Ra6+ Kb7 49. Rh6 h4+ 50. Kg2 Ka7 51. Re6 Kb7 52. Rg6 Ka7
53. Rh6 Kb7 54. Re6 Ka7 55. Rh6 Kb7 56. Rh5 Kb6 57. f4 Rxf4 58. Rxg5 Rd4 59.
Rf5 Rd2+ 60. Kh3 Rd3+ 61. Kxh4 Rxa3 62. Rf4 Kb5 63. Kg4 Ra4 1/2-1/2

[Event "1st CRO junior liga"]
[Site "Sveti Filip i Jakov"]
[Date "2018.04.08"]
[Round "11.4"]
[White "Lesar, David"]
[Black "Vucenovic, Damian"]
[Result "0-1"]
[WhiteElo "1905"]
[BlackElo "1666"]
[PlyCount "126"]
[EventDate "2018.??.??"]
[WhiteClock "1:30:00"]
[BlackClock "1:30:00"]

1. e4 e5 2. Nf3 Nc6 3. d4 exd4 4. Nxd4 Bc5 5. Nb3 Bb6 6. Nc3 Nge7 7. Bg5 O-O 8.
Qd2 d6 9. Nd5 f6 10. Bc4 Kh8 11. Nxb6 axb6 12. Be3 Ng6 13. O-O f5 14. Bg5 Qe8
15. exf5 Bxf5 16. c3 Qd7 17. Bd5 Rae8 18. Rae1 Nce5 19. f4 Nc6 20. Bxc6 bxc6
21. Qf2 h6 22. Bh4 Ra8 23. Ra1 Bd3 24. Rfe1 Rxf4 25. Qe3 Rxh4 26. Qxd3 Rg4 27.
g3 Rg5 28. Nd2 Qh3 29. Ne4 Rh5 30. Qc2 Ne5 31. Re3 d5 32. Qe2 dxe4 33. Rxe4
Nf3+ 34. Kf2 Qxh2+ 35. Kxf3 Rf5+ 36. Rf4 Qh5+ 37. Kf2 Rxf4+ 38. gxf4 Qh4+ 39.
Kf3 Rf8 40. Qe5 Qh3+ 41. Ke4 Qg2+ 42. Ke3 Qg3+ 43. Ke4 Qg6+ 44. Kf3 Re8 45. Qd4
c5 46. Qd2 Qh5+ 47. Kg3 Re2 48. Qd8+ Re8 49. Qd2 Qg6+ 50. Kf2 Rf8 51. Rg1 Qh5
52. Qe3 Qh2+ 53. Kf3 Qh3+ 54. Rg3 Qh1+ 55. Kf2 Qh4 56. Kf3 Qh1+ 57. Kf2 Qh2+
58. Kf3 Qc2 59. Qe5 Qd1+ 60. Kg2 Qd7 61. Rg6 Qd2+ 62. Kg1 Qd1+ 63. Kg2 Qc2+ 0-1

[Event "1st CRO junior liga"]
[Site "Sveti Filip i Jakov"]
[Date "2018.04.08"]
[Round "11.5"]
[White "Ghersinich, Enrico"]
[Black "Tica, Sven"]
[Result "0-1"]
[WhiteElo "2216"]
[BlackElo "2442"]
[PlyCount "96"]
[EventDate "2018.??.??"]
[WhiteClock "1:30:00"]
[BlackClock "1:30:00"]

1. e4 g6 2. d4 Bg7 3. Nc3 a6 4. Be3 b5 5. Nf3 Bb7 6. Bd3 d6 7. Qd2 Nd7 8. Ne2
c5 9. c3 c4 10. Bc2 e5 11. dxe5 dxe5 12. Rd1 Ngf6 13. Bg5 Qc7 14. Ng3 Nc5 15.
Bh6 O-O 16. Bxg7 Kxg7 17. Nf5+ Kh8 18. Qh6 Rg8 19. Ng5 Raf8 20. Rd6 Ne6 21. h4
Rd8 22. Rxe6 fxe6 23. Nxe6 Qf7 24. Nxd8 Rxd8 25. Ne3 Bxe4 26. Qg5 Bxc2 27. Nxc2
Qe6 28. h5 Qd6 29. O-O Nxh5 30. Re1 Re8 31. Ne3 Nf4 32. Ng4 Nd3 33. Re3 Qe7 34.
Qh6 Qf8 35. Qh4 h5 36. Nf6 Re6 37. Ne4 Kg7 38. Ng5 Rf6 39. b3 Qa3 40. bxc4 Qc1+
41. Kh2 Nxf2 42. Ne6+ Kg8 43. Qxf6 Ng4+ 44. Kg3 Nxf6 45. Kf3 Qf1+ 46. Kg3 h4+
47. Kxh4 Qf2+ 48. Rg3 Ne4 0-1

[Event "1st CRO junior liga"]
[Site "Sveti Filip i Jakov"]
[Date "2018.04.08"]
[Round "11.6"]
[White "Markovic, Franjo-Josip"]
[Black "Mainenti, Kevin"]
[Result "1/2-1/2"]
[WhiteElo "2034"]
[BlackElo "1888"]
[PlyCount "60"]
[EventDate "2018.??.??"]
[WhiteClock "1:26:00"]
[BlackClock "1:30:00"]

1. d4 d5 2. c4 c6 3. Nf3 Nf6 4. Nc3 e6 5. Bg5 Be7 6. e3 O-O 7. Rc1 Nbd7 8. Bd3
dxc4 9. Bxc4 Nd5 10. Bxe7 Qxe7 11. O-O N5b6 12. Bd3 e5 13. dxe5 Nxe5 14. Nxe5
Qxe5 15. Qc2 g6 16. Rce1 f5 17. f4 Qc5 18. Kh1 Be6 19. e4 Rae8 20. e5 Nd5 21.
Nxd5 Qxc2 22. Bxc2 Bxd5 23. Bb3 Bxb3 24. axb3 Rd8 25. Rd1 Kf7 26. Kg1 Ke6 27.
Kf2 c5 28. Ke2 a5 29. Rxd8 Rxd8 30. Rd1 Rxd1 1/2-1/2